000 00735nas a2200241 4500
001 BR7308218
003 BR-BrBNA
005 20231205082650.0
007 ta
008 230509b bl.|||p| |||| 00| 00por d
040 _aBR-BrBNA
_bpor
_cBiblioteca Nacional de Agricultura
041 _a(Pt)
072 _aN20
100 1 _aConill, A.F.
245 1 _aNovo implemento revoluciona os trabalhos na lavoura de arroz [Rio Grande do Sul, Brasil]
650 _aEQUIPAMENTO RURAL
650 _aARROZ
650 _aIMPLEMENTO AGRICOLA
650 _aRIO GRANDE DO SUL
773 0 _tLavoura Arrozeira (Brazil)
_xISSN 0023-9143
_g(Jan 1973), v. 26(271) p. 37
_wBR7308218
909 _a202311
_bLúcia
_c55
_dLúcia Elande
942 _2AGRIS
_n0
_cANA
999 _c93573
_d93573